000 00621nam a2200217 i 4500
001 17571
003 ES-MaACL
005 20250304063100.0
007 t|
008 010404s1998 sp |||| | spa d
020 _a84-204-8439-3
080 _a821.134.3-31"19"
100 1 _aSaramago, José,
_d1922-2010
_9103754
245 1 0 _aManual de pintura y caligrafía /
_cJosé Saramago.
260 _aMadrid :
_bAlfaguara,
_c[1998]
300 _a301 p. ;
_c22 cm.
490 1 _aBiblioteca José Saramago
830 0 _aBiblioteca José Saramago
_9180315
852 _aES-MaACL
_jL-24479
999 _c17571
_d17571